Normal view
MARC view
- مؤتمر التاريخ الاجتماعي لمنطقة البتراء وجوارها: الاستمرارية والتغير 28-23 /8/ 2002، بيت الأنباط؛ تحرير باسم الطويسي
Entry Personal Name
001 - CONTROL NUMBER
- control field: 10060
003 - CONTROL NUMBER IDENTIFIER
- control field: JO-AjAnu
005 - DATE AND TIME OF LATEST TRANSACTION
- control field: 20230606071921.0
008 - FIXED-LENGTH DATA ELEMENTS
- fixed length control field: 230606|| aca||aabn | a|a d
040 ## - CATALOGING SOURCE
- Original cataloging agency: JO-AjAnu
- Transcribing agency: JO-AjAnu
100 ## - HEADING--PERSONAL NAME
- Personal name: مؤتمر التاريخ الاجتماعي لمنطقة البتراء وجوارها: الاستمرارية والتغير 28-23 /8/ 2002، بيت الأنباط؛ تحرير باسم الطويسي
670 ## - SOURCE DATA FOUND
- Source citation: Work cat.: (JO-AjAnu)5184: مؤتمر التاريخ الاجتماعي لمنطقة البتراء وجوارها: الاستمرارية والتغير 28-23 /8/ 2002، بيت الأنباط؛ تحرير باسم الطويسي, author, مؤتمر التاريخ الاجتماعي لمنطقة البتراء وجوارها: الاستمرارية والتغير28-23 /8/ 2002: بيت الأنباط